|
|
|
|
| LEADER |
01044cam a2200277 7i4500 |
| 001 |
0000061439 |
| 005 |
20210901090000.0 |
| 020 |
|
|
|a 9783319283555 (electronic book)
|
| 090 |
0 |
0 |
|a TJ255
|b .K39 2016
|
| 100 |
1 |
|
|a Kazimierski, Zbyszko
|
| 245 |
1 |
0 |
|a Externally heated valve engine :
|b a new approach to piston engines
|c Zbyszko Kazimierski, Jerzy Wojewoda.
|
| 264 |
|
|
|a Switzerland:
|b Springer,
|c 2016.
|
| 300 |
|
|
|a 1 online resource (143 pages):
|b illustrations, text file, PDF.
|
| 336 |
|
|
|a text
|2 rdacontent
|
| 337 |
|
|
|a computer
|2 rdamedia
|
| 338 |
|
|
|a online resource
|2 rdacarrier
|
| 490 |
0 |
|
|a Springer tracts in mechanical engineering
|
| 650 |
|
0 |
|a Engineering
|
| 650 |
|
0 |
|a Renewable energy sources
|
| 650 |
|
0 |
|a Thermodynamics
|
| 655 |
|
0 |
|a Electronic books
|
| 700 |
1 |
|
|a Wojewoda, Jerzy
|
| 856 |
4 |
2 |
|u http://library.unisel.edu.my/web/guest/mylibrary
|
| 997 |
|
|
|a Engineering & Life Sciences, Faculty
|b Engineering, Department
|
| 998 |
|
|
|a Mechanical Engineering, Degree
|
| 999 |
|
|
|a EBO0006691
|b EBOOK
|c EBOOK
|e Electronic resources
|